100 Things About Phoebe Buffay Quiz Stats

 Plays Quiz not verified by Sporcle

Challenge
Share
Tweet
Embed
Score 0/100 Timer 20:00
0 Plays Today
Hint Answer % Correct
Phoebe's Last NameBuffay
100%
Twin sisterUrsula
96.7%
Actress who plays herLisa Kudrow
87.6%
Musical instrument she playsGuitar
87.6%
Hair colorBlonde
86%
Her wedding plannerMonica
86%
Gives who a terrible haircut in TOW Ross's New GirlfriendMonica
86%
Brother's nameFrank Jr
84.3%
First name of the man she marriesMike
81%
Name of scientist boyfriend who moves to MinskDavid
79.3%
JobMasseuse
78.5%
Craves what when pregnantMeat
78.5%
Makes out with who in TOW the FlashbackRoss
76.9%
Mugged which Friend in her teen yearsRoss
76.9%
Last nameHannigan
75.2%
Thinks the spirit of her mom is in what animalCat
74.4%
Who gives her the perfect kiss when Phoebe says she's never had oneJoey
71.9%
Who holds the phone up so that Phoebe can listen to Ross and Emily's weddingJoey
71.9%
Tries to teach Joey to speak what languageFrench
68.6%
The name she picks for one of her brother's tripletsChandler
67.8%
Phoebe's most famous songSmelly Cat
66.9%
Helps Chandler break up with who in TOW the East German Laundry DetergentJanice
63.6%
Tells which friend she wants to keep one of the triplets in the one she gives birthRachel
63.6%
Finds what in a can of soda?Thumb
62.8%
Is upset when she finds out she's really how old in TOW They All Turn Thirty31
61.2%
Phoebe's dress color in TOW No One's ReadyYellow
61.2%
Her Halloween costume in TOW the Halloween PartySupergirl
60.3%
Never saw the ending of what sad dog movieOld Yeller
59.5%
Actor who plays the man she marriesPaul Rudd
59.5%
Ross buys Phoebe her very first what in TOW All the CandyBike
59.5%
Nickname the gang all call herPheebs
59.5%
Blabs that Monica had lunch with who, which upsets ChandlerRichard
57.9%
What's the weather season when Phoebe gets marriedWinter
56.2%
What kind of animal causes Phoebe to drop the bowl of lottery tickets over the balconyPigeon
55.4%
Hint Answer % Correct
Changes her name to what in season 10Princess Consuela Banana Hammock
52.1%
Her birthday present to EmmaA song
51.2%
Color coat Phoebe is wearing when she finds out about Chandler and Monica's relationshipOrange
50.4%
Gets a phone in the shape of a what from the bankFootball
50.4%
Gets Joey a what to cheer him up when he's down about being in love with RachelDog
49.6%
Says she hates what channelPBS
49.6%
Tries to get tickets for whose concert in TOW Monica's BootsSting
48.8%
Lies to Rachel and tells her that Jane Eyre is a whatRobot
48.8%
Finds what in the trash in TOW Chandler and Monica's WeddingPregnancy test
48.8%
Actor who plays himCharlie Sheen
47.9%
Is shocked that Ross doesn't like what dessertIce cream
47.1%
Boyfriend of Rachel's who hits on Phoebe in TOW the Dozen LasagnasPaolo
47.1%
Actor who plays the part of the guy who is overly happy in TOW in MassapequaAlec Baldwin
46.3%
The doctor who delivers Phoebe's babies is obsessed with what TV characterFonzie
45.5%
Reason she doesn't help with Ross's furniture in the first episodeShe doesn't want to
44.6%
Actor who plays her sister's fiance' in TOW the Halloween PartySean Penn
44.6%
Where the gang were planning on going before Phoebe gave birthAtlantic City
43%
What makeup item does she say her grandmother left to her biological dad in her willLipstick
43%
Where she's at when she finds out about Chandler and Monica's relationshipUgly Naked Guy's apartment
42.1%
Says that Monica puts too much what in her foodGarlic
41.3%
What Phoebe wants Ross and Rachel to name their baby if it's a boyPhoebo
41.3%
Has a crush on Jacques Custoe and who else in TOW Ross Got HighJack
40.5%
Says what actress has great hairDemi Moore
39.7%
What was Gary's jobCop
38.8%
Breed of dog that she gives to her brother and his wife that belonged to her biological motherPug
38%
Phoebe has a dream that Ross said she was whatBoring
38%
Plays what game with Joey and they say one day they need to learn how to play the right wayChess
36.4%
Game she brings to the slumber party in TOW George StephanopoulosOperation
35.5%
Color of her dress in the one with her birthday dinnerBrown
35.5%
Chandler and Joey's Christmas present to Phoebe in TOW Phoebe's DadToilet seat covers
34.7%
What famous person did Phoebe think was her grandfatherAlbert Einstein
33.1%
Why does Phoebe end things with GaryHe shoots a bird
32.2%
Her bad habit in TOW the ThumbChewing her hair
32.2%
What kind of cookies does Phoebe tell Rachel she makes the best of in TOW the Dozen LasagnasOatmeal raisin
31.4%
Hint Answer % Correct
What two friends does Phoebe say she never had crushes onRoss and Chandler
31.4%
Name of the dog Phoebe keeps hidden in the apartment from Chandler and MonicaClunkers
30.6%
Holiday Phoebe and her scientist boyfriend break up New Years Eve
30.6%
In the second episode says, 'She is so great. I miss her.' Who is she talking aboutCarol
30.6%
Name of her sister's fiance' in TOW The Halloween PartyEric
29.8%
AliasRegina Philange
28.9%
Does what to try and make Rachel feel better in the first episodeSings
27.3%
What keeps Phoebe awake all night in TOW They're Up All NightSmoke alarm
26.4%
Her brother tells her he hasn't slept in how many years in TOW Ross is FineFour
26.4%
Name of boyfriend who comes to visit when she has the chicken poxRyan
25.6%
Movie Monica gives to make Phoebe feel betterIt's a Wonderful Life
25.6%
What she orders to eat at the restaurant in TOW Five Steaks and an EggplantCucumber soup
24.8%
In TOW George Stephanopoulos, says 'Oh! Look! I have---'Elbows
24.8%
Monica says she once saw Phoebe eat a what when she was upsetCheeseburger
24.8%
Offers to give Chandler how much money if he stops smoking$7,000
22.3%
Gets what kind of job and ends up stopping a man from killing himselfTelemarketer
21.5%
Tells Monica that she went out with her ex boyfriend only a couple hours after they split. What's his first nameJason
20.7%
Why doesn't Phoebe eat Rachel's English trifleIt has meat in it
20.7%
Actress who plays her biological motherTeri Garr
20.7%
Likes what in her mashed potatoesPeas and onions
20.7%
Says she was the last to know that Chandler got bit by what kind of animal at the zooPeacock
20.7%
Where's a shirt for what TV show when she and the gang play footballThat Girl
19.8%
At what sporting event did Phoebe's future husband plan on proposing to herHockey game
19.8%
What theme does Phoebe suggest for Monica's bridal showerCowboy
19%
Says what actor is hot in TOW Chandler Takes a BathLee Majors
18.2%
Lies and says her favorite football team isGreen Bay Packers
17.4%
Hurts her teeth eating one of Rachel's what in season 3Brownies
17.4%
References what horror movie in TOW the ButtPsycho
16.5%
Name of guy she meets and makes a date with in TOW Rachel Has a BabyCliff
14.9%
Mentions what Richard Gere movie in TOW the MonkeyAn Officer and a Gentleman
14.9%
His last nameHurley
14%
Why does Joey think Phoebe could beat Monica in a fightShe has a temper
12.4%

You're not logged in!

Compare scores with friends on all Sporcle quizzes.
Join for Free
OR
Log In

You Might Also Like...

Show Comments

Extras

Created Dec 17, 2015ReportNominate
Tags:100, phoebe

Top Quizzes Today


Score Distribution

Your Account Isn't Verified!

In order to create a playlist on Sporcle, you need to verify the email address you used during registration. Go to your Sporcle Settings to finish the process.

Report this User

Report this user for behavior that violates our Community Guidelines.

Details: